Gaming Quiz

Random Gaming Quiz

Baseball Cover Athletes Quiz Stats

 Plays Quiz not verified by Sporcle

Challenge
Share
Tweet
Embed
Score 0/26 Timer 04:00
0 Plays Today
% Correct
Derek Jeter
80%
Derek Jeter
80%
Derek Jeter
80%
Albert Pujols
78.3%
Manny Ramirez
76.7%
David Ortiz
65%
Joe Mauer
56.7%
Ryan Howard
53.3%
Pedro Martinez
46.7%
David Wright
45%
Barry Bonds
41.7%
Dustin Pedroia
40%
Tim Lincecum
36.7%
% Correct
Jason Giambi
35%
Jason Giambi
35%
Evan Longoria
35%
Pedro Martinez & Jason Giambi
33.3%
Jose Reyes
33.3%
Chipper Jones
31.7%
Andruw Jones
30%
Randy Johnson & Miguel Tejada
28.3%
Vladimir Guerrero
26.7%
Eric Chavez
15%
6.7%
Shawn Green
5%
Mo Vaughn
3.3%

You're not logged in!

Compare scores with friends on all Sporcle quizzes.
OR
Log In

You Might Also Like...

Show Comments

Extras

Created Jul 24, 2010SourceReportNominate

Top Quizzes Today


Score Distribution

Your Account Isn't Verified!

In order to create a playlist on Sporcle, you need to verify the email address you used during registration. Go to your Sporcle Settings to finish the process.

Report this User

Report this user for behavior that violates our Community Guidelines.

Details: